Деформация винтовых цилиндрических пружин простейшего типа; Известия Сибирского Механико-Машиностроительного Института [Известия СММИ]; Т. 1 (53), вып. 2
| Parent link: | Известия Сибирского Механико-Машиностроительного Института [Известия СММИ]/ Сибирский механико-машиностроительный институт (СММИ).— , 1933-1934 Т. 1 (53), вып. 2.— 1934.— [С. 93-124] |
|---|---|
| 第一著者: | |
| 要約: | Заглавие с титульного листа Электронная версия печатной публикации |
| 言語: | ロシア語 |
| 出版事項: |
1934
|
| 主題: | |
| オンライン・アクセス: | Черно-белая версия для предварительного просмотра Цветная версия без потери качества |
| フォーマット: | MixedMaterials 電子媒体 図書の章 |
| KOHA link: | https://koha.lib.tpu.ru/cgi-bin/koha/opac-detail.pl?biblionumber=181965 |
MARC
| LEADER | 00000nla2a2200000 4500 | ||
|---|---|---|---|
| 001 | 181965 | ||
| 005 | 20231101223646.0 | ||
| 035 | |a (RuTPU)RU\TPU\book\197247 | ||
| 035 | |a RU\TPU\book\197245 | ||
| 090 | |a 181965 | ||
| 100 | |a 20100615d1933 k y0rusy50 ca | ||
| 101 | 0 | |a rus | |
| 102 | |a RU | ||
| 135 | |a drnn ---uucaa | ||
| 181 | 0 | |a i | |
| 182 | 0 | |a b | |
| 200 | 1 | |a Деформация винтовых цилиндрических пружин простейшего типа |b Электронный ресурс |f П. И. Горсунов | |
| 203 | |a Текст |c электронный | ||
| 215 | |a 2 файла (1.8 Мб, 45.2 Мб) | ||
| 230 | |a Электронные текстовые данные (2 файла : 1.8 Мб, 45.2 Мб) | ||
| 300 | |a Заглавие с титульного листа | ||
| 300 | |a Электронная версия печатной публикации | ||
| 337 | |a Adobe Reader | ||
| 461 | 1 | |0 (RuTPU)RU\TPU\book\197225 |t Известия Сибирского Механико-Машиностроительного Института [Известия СММИ] |f Сибирский механико-машиностроительный институт (СММИ) |d 1933-1934 | |
| 463 | 1 | |0 (RuTPU)RU\TPU\book\197238 |t Т. 1 (53), вып. 2 |v [С. 93-124] |d 1934 |p 124 с. | |
| 610 | 1 | |a электронный ресурс | |
| 610 | 1 | |a труды учёных ТПУ | |
| 700 | 1 | |a Горсунов |b П. И. |c выпускник МФ СТИ 1930 г. |c преподаватель ТТИ |f 1902-1936 |g Петр Иванович |2 stltpush |3 (RuTPU)RU\TPU\pers\23404 |9 10181 | |
| 801 | 1 | |a RU |b 63413507 |c 20090320 |g PSBO | |
| 801 | 2 | |a RU |b 63413507 |c 20101107 |g PSBO | |
| 856 | 4 | |u http://www.lib.tpu.ru/fulltext/v/Bulletin_TPU/1934/v1_53_i2/a6_bw.pdf |z Черно-белая версия для предварительного просмотра | |
| 856 | 4 | |u http://www.lib.tpu.ru/fulltext/v/Bulletin_TPU/1934/v1_53_i2/a6_full.pdf |z Цветная версия без потери качества | |
| 942 | |c CF | ||